Resoluciones del consejo de ministros de relaciones exteriores de la ALALC
Gespeichert in:
| Format: | Text |
|---|---|
| Veröffentlicht: |
Montevideo:
Síntesis ALALC
|
| Tags: |
Tag hinzufügen
Keine Tags, Fügen Sie den ersten Tag hinzu!
|
MARC
| LEADER | 00000 a a2200000 04500 | ||
|---|---|---|---|
| 001 | 22695 | ||
| 003 | |||
| 040 | |||
| 090 | |a 155700 | ||
| 245 | |a Resoluciones del consejo de ministros de relaciones exteriores de la ALALC | ||
| 260 | |a Montevideo: |b Síntesis ALALC | ||
| 300 | |a 18 p. | ||
| 999 | |c 12774 |d 12774 | ||
